000 00891nas a2200313 454500
001 29750
005 20260407193508.0
008 260407s1991####ag###########|||spa#d
003 AR-UNSa-BCEJYS
040 _aAR-UNSa-BCEJYS
_bspa
_cAR-UNSa-BCEJYS
080 _a330
_xEconomía en general
245 1 0 _aBusiness Week
_pinternational
022 _a0007-7135
264 1 _aNew York :
_bMcGraw-Hill
_c1991
310 _aFrecuencia: Semanal
041 _aspa
942 _cSER
590 _aniveau_biblio:s niveau_hierar:1
100 1 _aShepard, Stephen B.
650 _aComercio
650 _aFinanzas
650 _aAnálisis económico
650 _aTecnología
650 _aPolítica
650 _aCiencia
650 _aECONOMIA
650 _aNEGOCIOS
856 4 1 _uhttps://biblioeco.unsa.edu.ar/pmb/images/revistas/Software made simple-r14367.jpg
_yImagen de portada
_qimage/jpeg
999 _c8679
_d8679